Statistics for Countries by Area times Population

Click here to take the quiz!

General Stats

  • This quiz has been taken 45 times
  • The average score is 18 of 20

Answer Stats

AnswerPopulationArea (km^2)Pop x Area (in millions km^2)% Correct
China1,409,517,3979,596,96113,527,083,487
100%
India1,339,180,1273,287,2634,402,237,281
100%
United States324,459,4639,525,0673,090,498,123
100%
Brazil209,288,2788,515,7671,782,250,211
98%
Indonesia197,015,9551,910,931376,483,896
98%
Russia143,989,75417,098,2462,461,972,235
98%
Argentina44,271,0412,780,400123,091,202
93%
Canada36,624,1999,984,670365,680,541
93%
Australia24,450,5617,692,024188,074,302
90%
Iran81,162,7881,648,195133,772,101
90%
Pakistan197,015,955881,912173,750,735
90%
Egypt97,553,1511,002,45097,792,156
88%
Algeria41,318,1422,381,74198,409,113
86%
D.R Congo81,339,9882,344,858190,730,722
86%
Ethiopia104,957,4381,104,300115,904,499
86%
Mexico129,163,2761,964,375253,725,110
86%
Nigeria190,886,311923,768176,334,666
86%
South Africa56,717,1561,221,03769,253,746
86%
Sudan40,533,3301,861,48475,452,145
79%
Saudi Arabia32,938,2132,149,69070,806,947
71%

Score Distribution

Percentile by Number Answered

Percent of People with Each Score

Your Score History

You have not taken this quiz